| 000 | 01441nam0a2200313 4500 | ||
|---|---|---|---|
| 001 | RU\NLR\BIBL_A\011213071 | ||
| 005 | 20250810071956.0 | ||
| 035 | _a(NLR Aleph) 011213071 | ||
| 090 |
_a13329246 _c13329246 |
||
| 100 | _a20160915d1941 u y0rusy50 ca | ||
| 101 | 0 | _akir | |
| 102 | _aKG | ||
| 105 | _ay z 000 y | ||
| 200 | 1 |
_aҮргѳнч _eЫрысмендеев Акматтын айтуушу боюнча _fКыргыз тилинин жана адабийатынын илим изилдѳѳ ин-туту _gбасмага даярдаган Абдыракманов Ы. |
|
| 210 |
_aФрунзе _cКыргызмамбас _d1941 |
||
| 215 |
_a61,[1] с. _d15 |
||
| 225 | 1 |
_aМанас сериялары _e(Семитейден) |
|
| 300 | _aЛатин. графика | ||
| 541 | 1 |
_aОписание Ургенча _e(отрывки из "Семетея") _zrus |
|
| 605 |
_a"Манас" _lкиргизский героический эпос _91395721 _3RU\NLR\AUTH\66274120 |
||
| 686 | 1 | _aШ3(257=Ки)-611 | |
| 702 | 1 |
_aАбдырахманов _bЫ. _cпоэт, сказитель-манасчи _f1888-1967 _gЫбырайым _4220 |
|
| 702 | 1 |
_aРысмендеев _bА. _cсказитель _f1891-1966 _gАкмат _4100 |
|
| 852 |
_aNLR _bОНЛ _jКирг./1-178 |
||
| 942 | _cBOOK | ||
| 945 | _aРоссийская национальная библиотека | ||
| 980 | _aBV | ||
| 980 | _aNB | ||